[Event "World Junior U20 Open 2018"]
[Site "Gebze"]
[Date "2018.09.13"]
[Round "9.49"]
[White "Kamer, Kayra"]
[Black "Murzin, Volodar"]
[Result "1/2-1/2"]
[WhiteElo "2205"]
[BlackElo "2349"]
[Annotator "NA"]
[PlyCount "70"]
[EventDate "2018.09.05"]
[EventType "swiss"]
[EventCountry "TUR"]
[SourceTitle "playchess.com"]
[Source "ChessBase"]
[SourceQuality "1"]
[TimeControl "40/5400+30:1800+30"]

1. e4 {[%emt 0:00:30]} c5 {[%emt 0:00:30]} 2. Nf3 {[%emt 0:00:30]} d6 {[%emt 0:00:30]} 3. d4 {[%emt 0:00:00]} cxd4 {[%emt 0:00:00]} 4. Nxd4 {[%emt 0:00:00]} Nf6 {[%emt 0:00:00]} 5. Nc3 {[%emt 0:00:00]} a6 {[%emt 0:00:00]} 6. Be3 {[%emt 0:00:00]} e5 {[%emt 0:01:00]} 7. Nf3 {[%emt 0:00:00]} Be7 {[%emt 0:00:00]} 8. Bc4 {[%emt 0:00:00]} O-O {[%emt 0:03:00]} 9. O-O {[%emt 0:00:30]} Be6 {[%emt 0:00:30]} 10. Qe2 {[%emt 0:00:00] B90: Sicilian Najdorf: Unusual White 6th moves, 6 Be3 Ng4 and 6 Be3 e5} (10. Bb3 Qc7 11. Nh4 g6 12. Nf3 Re8 13. Ng5 Bc4 14. Re1 Nbd7 15. a4 Qc6 16. Bxc4 Qxc4 17. a5 Qc6 18. Qd3 Rac8 {½-½ (48) Sjugirov,S (2652)-Wojtaszek,R (2738) Batumi 2018}) 10... Bxc4 {[%emt 0:01:30]} 11. Qxc4 {[%emt 0:00:30]} b5 {[%emt 0:03:30]} 12. Qd3 {[%emt 0:01:30]} Nbd7 {[%emt 0:02:30]} 13. b4 {[%emt 0:05:30]} Qc7 {[%emt 0:14:30]} 14. a4 {[%emt 0:01:30]} Rfc8 $146 {[%emt 0:04:30]} ({Predecessor:} 14... d5 15. Nxd5 Nxd5 16. Qxd5 Bxb4 17. axb5 {½-½ (72) Bjerke,R (2180)-Fivelstad,J (1929) Reykjavik 2015}) 15. Bd2 {[%emt 0:01:30]} Rab8 {[%emt 0:11:30]} 16. axb5 {[%emt 0:02:30]} axb5 {[%emt 0:00:30]} 17. Rfc1 {[%emt 0:06:30]} Qc4 {[%emt 0:08:00]} 18. Ra5 {[%emt 0:00:30]} Bd8 {[%emt 0:01:30]} 19. Ra6 {[%emt 0:01:30]} Qxb4 {[%emt 0:06:30]} 20. Rb1 {[%emt 0:00:30]} Qc4 {[%emt 0:04:30]} 21. Qxd6 {[%emt 0:22:30]} b4 {[%emt 0:18:35]} 22. Ra4 {[%emt 0:02:30] [#]} Rb6 $2 {[%emt 0:01:49]} ({But not} 22... bxc3 $2 23. Rxb8 Qc5 24. Qxc5 $18) (22... Nc5 $1 $19 {[%cal Rc5a4]} 23. Raa1 Rb6 24. Nxe5 Qe6 25. Qxe6 Rxe6) 23. Rbxb4 {[%emt 0:28:30]} Qxb4 {[%emt 1:28:40]} 24. Qxb4 {[%emt 0:00:30]} Rxb4 {[%emt 0:00:30]} 25. Rxb4 {[%emt 0:00:30]} Ba5 {[%emt 0:00:30]} 26. Rb3 {[%emt 0:00:30]} h6 {[%emt 0:01:47]} 27. Nd5 {[%emt 0:05:30]} Nxd5 {[%emt 0:00:22]} 28. Bxa5 {[%emt 0:00:30]} N5f6 {[%emt 0:02:01]} 29. Ne1 {[%emt 0:04:30]} Nxe4 {[%emt 0:01:52]} 30. f3 {[%emt 0:00:30]} Ng5 {[%emt 0:01:30]} 31. Rd3 {[%emt 0:01:30]} Nb8 {[%emt 0:01:36]} 32. Rd8+ {[%emt 0:00:30]} Rxd8 {[%emt 0:00:30]} 33. Bxd8 {[%emt 0:00:30]} Ne6 {[%emt 0:00:30]} 34. Bb6 {[%emt 0:00:30]} Kf8 {[%emt 0:00:12]} 35. Nd3 {[%emt 0:00:30]} Ke7 $16 {[%emt 0:02:19]} (35... Nd7 $11 36. Ba5 f6) 1/2-1/2

[Event "World Junior U20 Open 2018"]
[Site "Gebze"]
[Date "2018.09.13"]
[Round "9.50"]
[White "Nastase, Robert-Paul"]
[Black "Kevlishvili, Robby"]
[Result "1/2-1/2"]
[WhiteElo "2313"]
[BlackElo "2485"]
[Annotator "TA"]
[PlyCount "60"]
[EventDate "2018.09.05"]
[EventType "swiss"]
[EventCountry "TUR"]
[SourceTitle "playchess.com"]
[Source "ChessBase"]
[SourceQuality "1"]

{[%evp 16,60,-6,-68,-67,-61,-66,-115,-111,-107,-112,-131,-113,-120,-125,-138,-133,-187,-185,-253,-274,-266,-193,-200,-53,-14,-13,-18,-16,-23,-16,-25,0,0,0,0,0,0,0,0,0,0,0,0,0,0,0]} 1. e4 e5 2. Nf3 Nc6 3. Bc4 Bc5 4. b4 Bxb4 5. c3 Ba5 6. d4 d6 7. Qb3 Qd7 8. dxe5 Bb6 9. Nbd2 ({White should play} 9. a4 $11) 9... dxe5 $15 {C52: Evans Gambit Accepted: 5 c3 Ba5} 10. O-O (10. Ba3 Na5 11. Qb4 c5 12. Qb2 Nxc4 13. Nxc4 Qe6 14. Nfxe5 Nf6 15. Qb5+ Nd7 16. Rd1 a6 17. Qb3 {½-½ (59) Najer,E (2664)-Melkumyan,H (2649) Germany 2012}) 10... Na5 $1 {[%cal Ra5b3]} 11. Qc2 Nxc4 {Black is better.} 12. Nxc4 f6 13. Ba3 Qc6 $146 ({Predecessor:} 13... Qf7 14. Ne3 Ne7 15. c4 c5 16. Rfd1 O-O 17. Rab1 {0-1 (35) Pott,B (1200)-Salvato,S (1257) IECG email 2001}) 14. Nb2 Be6 15. Rad1 Ne7 ({Avoid the trap} 15... Bxa2 $2 16. c4 $18) 16. Nd3 (16. c4 $17 {keeps fighting.}) 16... a5 (16... Qxe4 17. Rfe1 $11) 17. Nd2 (17. Rd2 $142) 17... Ng6 $19 18. c4 Bd4 19. Nb3 Qxc4 (19... O-O-O $19 20. Ndc5 Bxc5 21. Nxc5 Bf7) 20. Nxd4 $15 exd4 21. Qb1 $1 b6 22. Rc1 {[%cal Bd1c1,Bc1c7,Bc7a7][%mdl 32]} Qxa2 23. Rxc7 {[#] Qb5+ would kill now.} Qxb1 24. Rxb1 {The position is equal.} Rc8 25. Ra7 Bc4 26. Rxb6 {Hoping for Nb2.} Bxd3 27. Re6+ Kd8 {[#] And now ...Rc3 would win.} 28. Rd6+ Ke8 {Threatens to win with ...Bc4.} 29. Re6+ Kd8 {Strongly threatening ...Rc3.} 30. Rd6+ Ke8 {Precision: White = 49%, Black = 73%.} 1/2-1/2

[Event "World Junior U20 Open 2018"]
[Site "Gebze"]
[Date "2018.09.13"]
[Round "9.51"]
[White "Garidmagnai, Byambasuren"]
[Black "Sargsyan, Shant"]
[Result "1/2-1/2"]
[WhiteElo "2287"]
[BlackElo "2477"]
[Annotator "TA"]
[PlyCount "101"]
[EventDate "2018.09.05"]
[EventType "swiss"]
[EventCountry "TUR"]
[SourceTitle "playchess.com"]
[Source "ChessBase"]
[SourceQuality "1"]

{[%evp 20,101,-18,-46,31,13,20,9,13,13,12,2,22,12,11,6,29,12,17,2,25,26,31,0,0,0,0,-14,20,18,40,38,34,26,33,23,24,23,16,9,68,0,0,0,0,0,0,-21,-20,-68,-81,-81,-68,-68,-68,-69,-69,-68,0,0,0,-68,-68,-68,-68,-68,-8,-8,-8,-8,-8,-8,-8,-8,-8,-8,0,0,0,0,0,0,0,0]} 1. d4 Nf6 2. c4 g6 3. Nc3 d5 4. Bg5 Ne4 5. Bh4 Nxc3 6. bxc3 dxc4 7. Qa4+ Qd7 8. Qxc4 b6 9. Nf3 Bg7 10. Bg3 c5 {D91: Grünfeld: 4 Nf3 Bg7 5 Bg5} 11. Ne5 {LiveBook: 15 Games} (11. Be5 Ba6 12. Qb3 O-O 13. Bxg7 Kxg7 14. g3 cxd4 15. cxd4 Nc6 16. Qa4 Rfd8 17. Bg2 Rac8 18. e3 {½-½ (32) Laurusas,T (2429)-Tari,A (2518) Khanty-Mansiysk 2015}) 11... Qe6 (11... Bxe5 $1 $15 12. dxe5 (12. Bxe5 Ba6 $15) 12... Qc6) 12. e3 O-O 13. Be2 $146 ({Predecessor:} 13. Qa4 Bb7 14. Bc4 Bd5 15. Bxd5 Qxd5 16. O-O cxd4 17. cxd4 Bxe5 18. Bxe5 {1-0 (88) Veselsky,J (2220)-Kalod,R (2340) Hlohovec 1996}) 13... Qxc4 14. Bxc4 Bb7 15. O-O Bxe5 16. Bxe5 Nc6 17. Bg3 Na5 18. Bd3 Rac8 19. f3 cxd4 20. cxd4 Bd5 21. Rfd1 Bc4 22. Be1 Bxd3 23. Rxd3 Nc4 24. a4 a6 25. Rb1 Rfd8 26. Rc3 Rd5 27. Rb4 b5 28. axb5 axb5 29. Bf2 {Threatening e4.} Ra8 (29... f5 $11) 30. g4 ({White should try} 30. Rc1 $14) 30... Ra1+ $11 31. Kg2 Ra2 $36 {[%mdl 2048] Black has good play.} 32. Kg3 {Strongly threatening e4.} f5 33. Rcb3 fxg4 34. Rxb5 Rxb5 35. Rxb5 {[%mdl 4096] Endgame KRB-KRN} Nd6 36. Re5 Nf5+ 37. Kg2 Nh4+ $1 38. Kg3 $1 Nf5+ (38... Nxf3 $15 39. Rxe7 h5) 39. Kg2 Nh4+ (39... h5 $11) 40. Kg3 $1 $15 Nxf3 41. Rxe7 h5 42. d5 $1 h4+ ({Better is} 42... Kf8 $15 43. Re4 g5) 43. Kxg4 $11 {The position is equal.} Rxf2 {KRN-KR} 44. d6 {[#] Hoping for d7.} Kf8 45. Re4 $1 {d7 is the strong threat.} Nxh2+ 46. Kxh4 Rd2 47. Kh3 Kg7 {[#] White must now prevent ...Nf1.} 48. d7 $1 {[%mdl 512]} Nf3 {And now ...Ng5+ would win.} (48... Rxd7 49. Kxh2) 49. Kg4 $1 ({Don't go for} 49. Rd4 $2 Rxd4 50. exd4 Ng5+ 51. Kg4 Nf7 $19) 49... Nh2+ 50. Kh3 Rxd7 {Threatens to win with ...Nf1.} (50... Nf3 $5 51. Kg4 $8 (51. Rd4 $2 Rxd4 52. exd4 Ng5+ 53. Kh4 Nf7 $19) 51... Nh2+ 52. Kh3 $11) 51. Kxh2 {Precision: White = 64%, Black = 55%.} 1/2-1/2

[Event "World Junior U20 Open 2018"]
[Site "Gebze"]
[Date "2018.09.13"]
[Round "9.52"]
[White "Sibashvili, Giorgi"]
[Black "Ozenir, Ekin Baris"]
[Result "1-0"]
[WhiteElo "2425"]
[BlackElo "2303"]
[Annotator "TA"]
[PlyCount "141"]
[EventDate "2018.09.05"]
[EventType "swiss"]
[EventCountry "TUR"]
[SourceTitle "playchess.com"]
[Source "ChessBase"]
[SourceQuality "1"]

{[%evp 24,141,12,11,8,7,0,0,14,19,19,10,22,0,69,75,48,19,23,32,25,0,0,0,0,0,0,0,0,-11,-12,-14,-12,-18,-6,-34,0,-2,3,0,12,9,8,0,10,5,9,0,8,7,13,19,14,0,0,0,0,0,0,-1,0,-5,0,0,27,8,16,14,54,50,56,19,19,19,19,21,22,22,14,0,149,155,856,837,862,895,672,672,672,672,29967,29970,29971,29973,29973,29974,29976,29977,29972,29970,29978,29978,29979,29977,29980,29980,29979,29981,29981,29978,29983,29984,29984,29985,29985,29986,29986,29987,29990,29991]} 1. d4 Nf6 2. c4 e6 3. Nc3 Bb4 4. Qc2 O-O 5. Nf3 c5 6. dxc5 Na6 7. g3 Nxc5 8. Bg2 b6 9. O-O {E39: Nimzo-Indian: Classical: 4...c5 5 dxc5 0-0} Bb7 10. Nb5 Be4 11. Qd1 Nb7 12. Bf4 a6 13. Nd6 {LiveBook: 24 Games} Nxd6 14. Bxd6 Bxd6 15. Qxd6 Qb8 16. Rfd1 Qb7 17. Bf1 $146 Rfd8 18. Rd4 Rab8 (18... b5 $11) 19. Ne5 $1 $14 b5 20. c5 Ne8 21. Qe7 d6 $1 22. Qxf7+ Qxf7 23. Nxf7 Kxf7 24. Rxe4 {Strongly threatening c6.} Nf6 25. Re3 {And now c6 would win.} dxc5 26. Bh3 Rd6 27. Rc1 Rc8 28. b3 Ke7 29. Kf1 Nd7 30. f4 g6 31. Ke1 Rcc6 32. Bg2 Rc7 33. g4 Kf7 34. g5 Nb6 35. Rh3 Kg8 36. Rhc3 c4 37. bxc4 Rxc4 38. e3 Kf7 39. Bf1 Rxc3 40. Rxc3 $11 {[%mdl 4096] Endgame KRB-KRN} Nd5 41. Rb3 Ke7 42. h4 Kd7 43. Be2 Kc7 44. Bf3 Ne7 45. h5 gxh5 46. Bxh5 e5 47. Bf7 ({Don't play} 47. fxe5 Re6 $15) 47... exf4 $1 48. exf4 Rd4 49. Rf3 Ng6 $1 50. f5 Ne5 51. Rh3 Rd7 (51... Rf4 $11) 52. Be6 $16 Rg7 $2 {[#]} (52... Rd4 $16 53. Rxh7+ Kd6) 53. g6 $1 $18 {[%mdl 512]} h6 (53... hxg6 54. f6) 54. Rxh6 Kd6 55. Rh7 Rxg6 56. fxg6 Kxe6 {KR-KN} 57. Ra7 {White mates.} Nxg6 58. Rxa6+ Kf7 59. Rb6 Ne7 60. Rxb5 Ke6 61. a4 Nc6 62. Kd2 Kd6 63. Kc3 Kc7 64. Kc4 Na7 65. Rb1 Nc6 66. Kc5 Na5 67. Kb5 Nb7 68. Rc1+ Kb8 69. Rd1 Kc7 70. a5 {[%cal Ba4a5,Ba5a6][%mdl 32]} Nd8 71. a6 {Precision: White = 65%, Black = 40%.} 1-0

[Event "World Junior U20 Open 2018"]
[Site "Gebze"]
[Date "2018.09.13"]
[Round "9.53"]
[White "Secheres, Adrian-Simion"]
[Black "Gulbeyaz, Emir"]
[Result "1-0"]
[WhiteElo "2408"]
[BlackElo "2285"]
[Annotator "ChessBase"]
[PlyCount "83"]
[EventDate "2018.09.05"]
[EventType "swiss"]
[EventCountry "TUR"]
[SourceTitle "playchess.com"]
[Source "ChessBase"]
[SourceQuality "1"]
[TimeControl "40/5400+30:1800+30"]

1. e4 g6 2. d4 Bg7 3. Nc3 d6 4. Be3 a6 5. Qd2 b5 6. h4 h6 7. O-O-O Bb7 8. f3 Nd7 9. Nh3 Rc8 10. Kb1 c5 11. dxc5 Nxc5 12. Bd4 Nf6 13. Nd5 O-O 14. Nxf6+ exf6 15. Nf4 Ne6 16. Nxe6 fxe6 17. Be3 d5 18. exd5 Qxd5 19. Bd3 g5 20. Qb4 Qe5 21. Bd4 Qc7 22. hxg5 fxg5 23. Bxg7 Kxg7 24. Rxh6 Kxh6 25. Rh1+ Kg7 26. Rh7+ Kg8 27. Rxc7 Rxc7 28. Qd6 Rcf7 29. Qxe6 Bc8 30. Qh6 g4 {[%emt 0:36:00]} 31. Be4 {[%emt 1:20:30]} gxf3 {[%emt 0:00:30]} 32. gxf3 {[%emt 0:01:30]} Bb7 {[%emt 0:00:30]} 33. Qg6+ {[%emt 0:00:30]} Rg7 {[%emt 0:00:30]} 34. Qe6+ {[%emt 0:00:30]} Kh8 {[%emt 0:01:30]} 35. a3 {[%emt 0:02:30]} Bxe4 {[%emt 0:01:30]} 36. fxe4 {[%emt 0:00:30]} Rf1+ {[%emt 0:00:00]} 37. Ka2 {[%emt 0:00:00]} Re1 {[%emt 0:00:00]} 38. Qxa6 {[%emt 0:01:00]} b4 {[%emt 0:00:30]} 39. Qc8+ {[%emt 0:01:30]} Kh7 {[%emt 0:00:30]} 40. Qh3+ {[%emt 0:00:00]} Kg8 {[%emt 0:00:30]} 41. Qb3+ {[%emt 0:00:00]} Kh7 {[%emt 0:00:30]} 42. Qxb4 {[%emt 0:00:30]} 1-0

[Event "World Junior U20 Open 2018"]
[Site "Gebze"]
[Date "2018.09.13"]
[Round "9.54"]
[White "Huber, Martin Christian"]
[Black "Rodrigue-Lemieux, Shawn"]
[Result "1/2-1/2"]
[WhiteElo "2390"]
[BlackElo "2250"]
[Annotator "NA"]
[PlyCount "67"]
[EventDate "2018.09.05"]
[EventType "swiss"]
[EventCountry "TUR"]
[SourceTitle "playchess.com"]
[Source "ChessBase"]
[SourceQuality "1"]
[TimeControl "40/5400+30:1800+30"]

1. Nf3 {[%emt 0:00:30]} d5 {[%emt 0:00:30]} 2. c4 {[%emt 0:00:00]} e6 {[%emt 0:00:00]} 3. g3 {[%emt 0:00:00]} Nf6 {[%emt 0:00:00]} 4. Bg2 {[%emt 0:00:30]} Be7 {[%emt 0:00:30]} 5. d4 {[%emt 0:00:00]} O-O {[%emt 0:00:00]} 6. Qc2 {[%emt 0:00:00]} a6 {[%emt 0:01:00]} 7. Bf4 {[%emt 0:02:30]} dxc4 {[%emt 0:06:30]} 8. Qxc4 {[%emt 0:00:30]} Nd5 {[%emt 0:00:30] E06: Katalanisch} 9. Nc3 {[%emt 0:00:30]} b5 {[%emt 0:04:00]} 10. Qd3 {[%emt 0:00:30]} Bb7 {[%emt 0:00:30]} 11. Nxd5 {[%emt 0:00:30]} exd5 {[%emt 0:02:00]} 12. Rc1 {[%emt 0:03:30]} Bd6 $146 {[%emt 0:29:30]} ({Vorgänger:} 12... Bb4+ 13. Kf1 Bd6 14. Ng5 g6 15. h4 h5 16. Ne6 fxe6 17. Qxg6+ {1-0 (38) Ponomariov,R (2692)-Fidalgo Fernandez,J (2312) Linares 2017}) 13. O-O {[%emt 0:10:30]} ({White should play} 13. Ng5 $16 {[%csl Gg5][%cal Rd3h7]} g6 14. h4) 13... Nd7 {[%emt 0:05:30]} 14. Rc2 {[%emt 0:02:30]} Qe7 {[%emt 0:12:30]} 15. Bxd6 {[%emt 0:39:30]} Qxd6 {[%emt 0:00:30]} 16. Rfc1 {[%emt 0:00:30]} c6 {[%emt 0:01:30]} 17. Bh3 {[%emt 0:54:30]} Nb6 {[%emt 0:08:30]} 18. b3 {[%emt 0:03:30]} Rfe8 {[%emt 0:03:30]} 19. Ne5 {[%emt 0:04:30]} f6 {[%emt 0:02:30]} 20. Nf3 {[%emt 0:06:30]} g6 {[%emt 0:01:30]} 21. e3 {[%emt 0:00:30]} a5 {[%emt 0:06:38]} 22. Qc3 {[%emt 1:14:00]} a4 {[%emt 1:25:05]} 23. Qc5 {[%emt 0:04:30]} Qxc5 {[%emt 0:05:21]} 24. dxc5 {[%emt 0:03:30]} Nc8 {[%emt 0:01:14]} 25. Nd4 {[%emt 0:01:40]} Ne7 {[%emt 0:02:47]} 26. Be6+ {[%emt 0:01:54]} Kg7 {[%emt 0:00:22]} 27. Bd7 {[%emt 0:00:22]} Rh8 {[%emt 0:00:34]} 28. Bg4 $11 {[%emt 0:02:06]} axb3 {[%emt 0:01:08]} 29. axb3 {[%emt 0:00:30]} Ra3 {[%emt 0:01:31]} 30. Bf3 {[%emt 0:02:38]} f5 {[%emt 0:00:46]} 31. Kf1 {[%emt 0:00:38]} Kf6 {[%emt 0:00:20]} 32. Ke2 {[%emt 0:00:12]} Rha8 {[%emt 0:01:20]} 33. Kd2 {[%emt 0:01:02]} R3a5 {[%emt 0:01:51]} 34. Be2 {[%emt 0:03:02]} 1/2-1/2

[Event "World Junior U20 Open 2018"]
[Site "Gebze"]
[Date "2018.09.13"]
[Round "9.55"]
[White "Ozer, Omer Faruk"]
[Black "Yilmaz, Goktan"]
[Result "1-0"]
[WhiteElo "2388"]
[BlackElo "2237"]
[Annotator "NA"]
[PlyCount "129"]
[EventDate "2018.09.05"]
[EventType "swiss"]
[EventCountry "TUR"]
[SourceTitle "playchess.com"]
[Source "ChessBase"]
[SourceQuality "1"]
[TimeControl "40/5400+30:1800+30"]

1. e4 {[%emt 0:00:30]} c5 {[%emt 0:00:30]} 2. Nc3 {[%emt 0:00:00]} d6 {[%emt 0:00:30]} 3. d4 {[%emt 0:01:00]} cxd4 {[%emt 0:01:00] B23: Closed Sicilian: Lines without g3} 4. Qxd4 {[%emt 0:00:30]} Nf6 {[%emt 0:05:30]} (4... Nc6 5. Qd2 Nf6 6. b3 e6 7. Bb2 a6 8. O-O-O b5 9. f3 h5 10. Nh3 Be7 11. Ng5 {1-0 (31) Carlsen,M (2843)-Wojtaszek,R (2744) Shamkir 2018}) 5. Qd2 {[%emt 0:12:30]} g6 {[%emt 0:04:30]} 6. b3 {[%emt 0:00:30]} Bg7 {[%emt 0:00:30]} 7. f3 {[%emt 0:00:30]} Nc6 {[%emt 0:06:30]} 8. Bb2 {[%emt 0:00:30]} O-O {[%emt 0:00:30]} (8... d5 $5) 9. O-O-O {[%emt 0:01:00]} Qa5 {[%emt 0:07:30]} 10. Kb1 {[%emt 0:03:30]} Be6 {[%emt 0:06:30]} 11. Nge2 {[%emt 0:14:30]} Rac8 $146 {[%emt 0:05:30]} 12. a3 {[%emt 0:08:30]} Nd7 {[%emt 0:48:00]} 13. h4 {[%emt 0:00:30]} b5 {[%emt 0:05:30]} 14. Nd5 {[%emt 0:01:30]} Qxd2 {[%emt 0:01:30]} 15. Rxd2 {[%emt 0:00:30]} Bxb2 {[%emt 0:01:30]} 16. Kxb2 {[%emt 0:00:30]} Bxd5 {[%emt 0:02:30]} 17. exd5 {[%emt 0:02:30]} Nce5 {[%emt 0:00:30]} 18. Nd4 {[%emt 0:57:00]} a6 {[%emt 0:00:00]} 19. g3 {[%emt 0:13:30]} ({White should try} 19. f4 $14 Ng4 20. Nc6) 19... Nb6 {[%emt 0:03:00]} 20. Bg2 {[%emt 0:03:30]} Rc7 {[%emt 0:06:30]} 21. Re1 {[%emt 0:01:30]} Rfc8 {[%emt 0:00:30]} 22. Rde2 {[%emt 0:03:30]} Kf8 {[%emt 0:03:30]} 23. Bh3 {[%emt 1:22:07]} Re8 {[%emt 1:17:30]} 24. Rd1 {[%emt 0:08:54]} Ned7 {[%emt 0:05:02]} 25. Red2 {[%emt 0:01:46]} Nf6 {[%emt 0:00:30]} 26. Ne2 {[%emt 0:01:15]} Rc5 {[%emt 0:02:03]} 27. Nc3 {[%emt 0:00:26]} Rc7 {[%emt 0:01:45]} 28. g4 {[%emt 0:01:01]} Nfd7 {[%emt 0:03:53]} 29. g5 {[%emt 0:03:13]} Kg7 {[%emt 0:02:12]} 30. f4 {[%emt 0:00:27]} h6 {[%emt 0:01:10]} 31. gxh6+ {[%emt 0:03:59]} Kxh6 {[%emt 0:00:40]} 32. Ne4 {[%emt 0:00:05]} Nf6 {[%emt 0:03:05]} 33. Ng5 {[%emt 0:00:04]} Kg7 {[%emt 0:00:39]} 34. Be6 {[%emt 0:00:08]} Ne4 {[%emt 0:02:37]} 35. Nxe4 {[%emt 0:01:49]} fxe6 {[%emt 0:00:01]} 36. Ng5 {[%emt 0:00:00]} Kf6 {[%emt 0:00:37]} 37. Nxe6 {[%emt 0:00:16]} Rcc8 {[%emt 0:00:10]} 38. Ng5 {[%emt 0:02:09]} Rh8 {[%emt 0:01:13]} 39. Re1 {[%emt 0:00:44]} Rxh4 {[%emt 0:01:46]} 40. Re6+ {[%emt 0:00:30]} Kf5 {[%emt 0:00:00]} 41. Rxe7 {[%emt 0:01:37]} Rxf4 {[%emt 0:09:37]} 42. Nf7 {[%emt 0:02:30]} Kf6 {[%emt 0:11:37]} 43. Rb7 $2 {[%emt 0:00:30]} (43. Rde2 $18 {is the precise move to win.} Nxd5 44. R2e6+ Kg7 45. Nxd6+ Nxe7 46. Rxe7+ Kf6 47. Nxc8) 43... Nxd5 {[%emt 0:00:12]} 44. Nxd6 {[%emt 0:10:02]} Rc5 {[%emt 0:03:09]} 45. b4 {[%emt 0:01:21]} Nxb4 {[%emt 0:00:08]} 46. Rf7+ {[%emt 0:00:18]} Ke5 {[%emt 0:00:31]} 47. Re7+ {[%emt 0:01:27]} Kf6 {[%emt 0:00:15]} 48. Rf7+ {[%emt 0:04:51]} Ke5 {[%emt 0:00:01]} 49. Rxf4 {[%emt 0:00:00]} Kxf4 {[%emt 0:00:46]} 50. axb4 {[%emt 0:00:00]} Rc6 {[%emt 0:00:00]} 51. Nf7 {[%emt 0:02:01]} g5 {[%emt 0:01:26]} 52. Rf2+ {[%emt 0:01:43]} Kg3 {[%emt 0:00:14]} 53. Rf1 {[%emt 0:00:46]} g4 {[%emt 0:01:07]} 54. Rg1+ {[%emt 0:00:08]} Kf4 {[%emt 0:02:11]} 55. Rxg4+ {[%emt 0:00:40]} Kf5 {[%emt 0:00:06]} 56. Rg5+ {[%emt 0:00:00]} Kf4 {[%emt 0:00:10]} 57. Rc5 {[%emt 0:00:10]} Rxc5 {[%emt 0:01:42]} 58. bxc5 {[%emt 0:00:30]} Kf5 {[%emt 0:00:00]} 59. c6 {[%emt 0:01:02]} Ke6 {[%emt 0:00:02]} 60. c4 {[%emt 0:00:00]} b4 {[%emt 0:00:26]} 61. c5 {[%emt 0:00:00]} Ke7 {[%emt 0:00:00]} 62. Kb3 {[%emt 0:00:34]} a5 {[%emt 0:00:00]} 63. Nd6 {[%emt 0:00:00]} Kd8 {[%emt 0:00:21]} 64. Nb7+ {[%emt 0:00:00]} Kc7 {[%emt 0:00:09]} 65. Nxa5 {[%emt 0:00:00]} 1-0

[Event "World Junior U20 Open 2018"]
[Site "Gebze"]
[Date "2018.09.13"]
[Round "9.56"]
[White "Amartuvshin, Ganzorig"]
[Black "Arcuti, Davide"]
[Result "1/2-1/2"]
[WhiteElo "2280"]
[BlackElo "2356"]
[Annotator "NA"]
[PlyCount "121"]
[EventDate "2018.09.05"]
[EventType "swiss"]
[EventCountry "TUR"]
[SourceTitle "playchess.com"]
[Source "ChessBase"]
[SourceQuality "1"]
[TimeControl "40/5400+30:1800+30"]

1. d4 {[%emt 0:00:30]} Nf6 {[%emt 0:00:30]} 2. c4 {[%emt 0:00:00]} e6 {[%emt 0:00:30]} 3. Nf3 {[%emt 0:00:00]} d5 {[%emt 0:00:30]} 4. Nc3 {[%emt 0:00:00]} c6 {[%emt 0:00:00]} 5. e3 {[%emt 0:01:00]} Nbd7 {[%emt 0:00:00]} 6. Bd3 {[%emt 0:00:30]} Bd6 {[%emt 0:01:30]} 7. e4 {[%emt 0:00:30]} dxe4 {[%emt 0:09:30]} 8. Nxe4 {[%emt 0:00:30]} Nxe4 {[%emt 0:00:30]} 9. Bxe4 {[%emt 0:00:30]} e5 {[%emt 0:06:30]} 10. O-O {[%emt 0:04:00] LiveBook: 105 Games} exd4 11. Qxd4 Qf6 12. Qd1 Ne5 {D46: Semi-Slav: 5 e3 Nbd7 6 Bd3, Black avoids the Meran} (12... h6 13. Bc2 Ne5 14. Nxe5 Bxe5 15. Re1 O-O 16. Qd3 g6 17. Bxh6 Bf5 18. Qb3 Bxc2 19. Qxc2 Rfe8 20. Be3 Bxb2 {1-0 (47) Salem,A (2469)-Panjwani,R (2395) Chotowa 2010}) 13. Nxe5 Bxe5 14. Re1 {[%emt 0:20:00]} O-O {[%emt 1:07:00]} 15. Bxh7+ {[%emt 0:00:30]} Kxh7 {[%emt 0:00:30]} 16. Qh5+ {[%emt 0:00:30]} Kg8 {[%emt 0:00:30]} 17. Rxe5 $146 {[%emt 0:00:30]} ({Predecessor:} 17. Qxe5) 17... Bg4 {[%emt 0:00:30]} 18. Qg5 {[%emt 0:00:30]} Qxg5 {[%emt 0:00:30]} 19. Rxg5 {[%emt 0:00:30]} Be6 {[%emt 0:00:30]} 20. b3 {[%emt 0:00:30]} a5 {[%emt 0:04:30]} 21. Ba3 {[%emt 0:03:30]} Rfd8 {[%emt 0:00:30]} 22. Bb2 {[%emt 0:03:30]} g6 {[%emt 0:00:30]} 23. Bf6 {[%emt 0:01:30]} Rd3 {[%emt 0:02:30]} 24. Rg3 {[%emt 0:40:00]} Rxg3 {[%emt 0:01:30]} 25. hxg3 {[%emt 0:01:30]} a4 {[%emt 0:04:26]} 26. Rd1 {[%emt 0:00:30]} axb3 {[%emt 0:00:43]} 27. axb3 {[%emt 0:00:00]} Kf8 {[%emt 0:01:40]} 28. Rd4 {[%emt 0:01:30]} Ke8 {[%emt 0:00:36]} 29. b4 {[%emt 0:00:30]} b5 {[%emt 0:01:50]} 30. c5 {[%emt 0:03:30]} Bd5 {[%emt 0:01:21]} 31. Rd3 {[%emt 0:01:30]} Kd7 32. g4 Re8 33. f3 Re1+ 34. Kf2 Rb1 35. Bc3 {[%emt 0:58:30]} Ke6 {[%emt 1:41:04]} 36. Re3+ {[%emt 0:00:30]} Kd7 {[%emt 0:00:30]} 37. g5 {[%emt 0:00:30]} Rc1 {[%emt 0:00:30]} 38. g4 {[%emt 0:00:30]} Rc2+ {[%emt 0:00:30]} 39. Kg3 {[%emt 0:00:30]} Bc4 {[%emt 0:03:37]} 40. Bf6 {[%emt 0:00:00]} Re2 {[%emt 0:00:00]} 41. Ra3 {[%emt 0:02:00]} Ra2 {[%emt 0:01:19]} 42. Re3 {[%emt 0:00:30]} Re2 {[%emt 0:00:30]} 43. Rc3 {[%emt 0:01:30]} Rd2 {[%emt 0:02:30]} 44. Re3 {[%emt 0:19:30]} Rd3 {[%emt 0:06:30]} 45. Re7+ {[%emt 0:00:30]} Kc8 {[%emt 0:00:00]} 46. Re8+ {[%emt 0:00:30]} Kd7 {[%emt 0:01:00]} 47. Re7+ {[%emt 0:05:30]} Kc8 {[%emt 0:00:30]} 48. Kf2 {[%emt 0:06:30]} Bd5 {[%emt 0:01:30]} 49. Re8+ {[%emt 0:00:30]} Kb7 {[%emt 0:02:30]} 50. Re7+ {[%emt 0:02:30]} Kc8 {[%emt 0:00:00]} 51. Kg3 {[%emt 0:04:30]} Bc4 $11 {[%emt 0:00:00]} 52. Re8+ {[%emt 0:00:30]} Kd7 {[%emt 0:00:30]} 53. Re7+ {[%emt 0:00:30]} Kc8 {[%emt 0:00:30]} 54. Kf2 {[%emt 0:00:30]} Bd5 {[%emt 0:00:30]} 55. Re8+ {[%emt 0:00:30]} Kb7 {[%emt 0:00:30]} 56. Re7+ {[%emt 0:00:30]} Kc8 {[%emt 0:00:30]} 57. Re8+ {[%emt 0:00:00]} Kb7 {[%emt 0:00:30]} 58. Re3 {[%emt 0:04:00]} Rxe3 {[%emt 0:01:30]} 59. Kxe3 {[%emt 0:00:00]} Kc8 {[%emt 0:00:00]} 60. f4 {[%emt 0:00:00]} Be6 {[%emt 0:01:00]} 61. Ke4 {[%emt 0:00:30]} 1/2-1/2